000
00299 a2200097 4500
000
nam a22 7a 4500
020
_a
9789211129182
100
_a
United Nations Conference on Trade and Development (UNCTAD)
245
_a
Transnational Corporation : volume 24 number 2
260
_b
United Nations
_c
2017
999
_c
84818
_d
84818